| 000 | 00875nam a22002897a 4500 | ||
|---|---|---|---|
| 005 | 20230512221851.0 | ||
| 008 | 180420t xxu||||| |||| 00| 0 eng d | ||
| 020 | _a9788126161003 | ||
| 040 | _cCSPC | ||
| 082 | 0 |
_a647.94 _bK155h |
|
| 100 |
_aKatare, Vipin _eauthor. |
||
| 245 | 0 | 0 |
_aHotel, lodging, restaurant and resort management _cVipin Katare |
| 250 |
_a1st _bedition |
||
| 260 |
_aIndia : _bAnmol Publications, _c2014. |
||
| 300 |
_a285 pages : _c24 cm. |
||
| 500 | _aIncludes Bibliographical references and Index. | ||
| 650 | 1 | 0 |
_aResorts _vManagement. |
| 650 | 1 | 0 | _aRestaurant management. |
| 650 | 1 | 0 | _aTourism. |
| 650 | 1 | 0 | _aHospitality industry. |
| 650 | 1 | 0 | _aHotel management. |
| 700 | 1 |
_aKatare, Vipin _eauthor. |
|
| 940 | _a123 | ||
| 942 |
_cBOOK _jCIR 647.94 K155h 2014 |
||
| 999 |
_c3559 _d3559 |
||